| 000 | 00586nam a2200217Ia 4500 | ||
|---|---|---|---|
| 003 | OSt | ||
| 005 | 20220927114301.0 | ||
| 006 | a|||||r|||| 00| 0 | ||
| 007 | ta | ||
| 008 | 220926b |||||||| |||| 00| 0 eng d | ||
| 024 | _a149098 | ||
| 037 | _cTextbook | ||
| 040 |
_aRTL _cRTL _beng |
||
| 041 |
_2eng _aeng |
||
| 082 | _a"Y, N4/TD" | ||
| 100 |
_aChauncy George _9388385 |
||
| 245 | 0 |
_aGay New York _b" Gender, urban culture and the working of the gay male world,1890-1940" |
|
| 260 | _c1994 | ||
| 942 |
_h"Y, N4/TD" _cCC |
||
| 999 |
_c704249 _d704249 |
||